000
00349 a2200157 4500
001
156601
020
_a
9788516107253
040
_c
Escola São Tomás de Aquino
100
_a
CANTO, Eduardo Leite
240
1
0
_a
Ciências Naturais
_l
por
245
1
0
_a
Ciências Naturais
300
_a
312
362
0
_a
2017
697
_a
CIÊNCIAS
942
_c
BK
999
_c
156601
_d
156601